MTG PLANESWALKERS - Statistics

General Stats
  • This quiz has been taken 183 times
  • The average score is 14 of 34
Answer Stats
Answer % Correct
jace
91%
chandra
88%
ajani
73%
nissa
72%
nicol
68%
gideon
66%
garruk
58%
ugin
55%
lilliana
54%
sorin
52%
elspeth
48%
teferi
44%
vraska
42%
tezzeret
40%
nahiri
36%
sarkhan
36%
tibalt
36%
kiora
34%
ashiok
32%
ral
31%
tamiyo
31%
dovin
30%
narset
28%
domri
26%
kaya
26%
koth
23%
venser
23%
saheeli
22%
dack
21%
arlinn
19%
daretti
16%
xenagos
13%
nixilis
12%
khan
5%
No matching quizzes found
Score Distribution
Percent of People with Each Score
Percentile by Number Answered
Your Score History
You have not taken this quiz